00514nam a2200169Ia 4500003000400000005001700004008004100021020001500062040001700077100001600094245001900110260001100129260000900140942001200149999001500161952016800176OSt20240319142415.0170524s9999 xx 000 0 und d a0753723387 cIIMTU MEERUT aLewis- Sara 4aThe bread book bHamlyn c1992 2ddcc02 c6898d6898 00102ddc4070a01b01d2017-06-01fDepartmentp01-B-75985r2017-06-01uhotel managementw2017-06-01y20zCentral Library to Hotel Management Departmental Library